|
|
|
|
| LEADER |
00000naa2a2200000 4500 |
| 001 |
626867 |
| 005 |
20231228170057.0 |
| 035 |
|
|
|a (RuTPU)RU\TPU\conf\26521
|
| 035 |
|
|
|a RU\TPU\conf\26516
|
| 090 |
|
|
|a 626867
|
| 100 |
|
|
|a 20180806d2018 k y0rusy50 ca
|
| 101 |
0 |
|
|a rus
|
| 102 |
|
|
|a RU
|
| 105 |
|
|
|a y z 101zy
|
| 135 |
|
|
|a drgn ---uucaa
|
| 181 |
|
0 |
|a i
|
| 182 |
|
0 |
|a b
|
| 200 |
1 |
|
|a Сравнение химического состава листьев и коры тополя черного и осины обыкновенной методом ГХ-МС
|f А. А. Степанова, М. Л. Белянин
|g науч. рук. М. Л. Белянин
|
| 203 |
|
|
|a Текст
|c электронный
|
| 225 |
1 |
|
|a Химия и химическая технология органических веществ и материалов
|
| 300 |
|
|
|a Заглавие с экрана
|
| 320 |
|
|
|a [Библиогр.: с. 236 (6 назв.)]
|
| 463 |
|
0 |
|0 (RuTPU)RU\TPU\conf\26227
|t Химия и химическая технология в XXI веке
|o материалы XIX Международной научно-практической конференции студентов и молодых ученых имени профессора Л. П. Кулёва, 21-24 мая 2018 г., г. Томск
|f Национальный исследовательский Томский политехнический университет
|v [С. 235-236]
|d 2018
|
| 610 |
1 |
|
|a электронный ресурс
|
| 610 |
1 |
|
|a труды учёных ТПУ
|
| 610 |
1 |
|
|a химический состав
|
| 610 |
1 |
|
|a листья
|
| 610 |
1 |
|
|a кора
|
| 610 |
1 |
|
|a тополя
|
| 610 |
1 |
|
|a осина
|
| 610 |
1 |
|
|a целебные свойства
|
| 610 |
1 |
|
|a биологическая активность
|
| 700 |
|
1 |
|a Степанова
|b А. А.
|
| 701 |
|
1 |
|a Белянин
|b М. Л.
|c химик-органик
|c доцент Томского политехнического университета, кандидат химических наук
|f 1973-
|g Максим Львович
|3 (RuTPU)RU\TPU\pers\29200
|9 13807
|
| 702 |
|
1 |
|a Белянин
|b М. Л.
|c химик-органик
|c доцент Томского политехнического университета, кандидат химических наук
|f 1973-
|g Максим Львович
|4 727
|
| 712 |
0 |
2 |
|a Национальный исследовательский Томский политехнический университет
|b Инженерная школа новых производственных технологий
|b Научно-образовательный центр Н. М. Кижнера
|3 (RuTPU)RU\TPU\col\23556
|
| 801 |
|
2 |
|a RU
|b 63413507
|c 20180821
|g RCR
|
| 856 |
4 |
|
|u http://earchive.tpu.ru/handle/11683/49704
|
| 942 |
|
|
|c BK
|